Biblioteca

Narraciones / Jorge Luis Borges (Registro nro. 42123)

Detalles MARC
000 -LÍDER
Campo fijo de descripción fija 004550000a22001570004500
001 - NÚMERO DE CONTROL
Campo de control 13132
041 0# - CÓDIGO DE IDIOMA
Código de idioma para texto/pista de sonido o título separado
082 04 - NÚMERO DE CLASIFICACIÓN DECIMAL DEWEY
Número de clasificación G 868.6 B7341n
100 1# - ASIENTO PRINCIPAL--NOMBRE PERSONAL
Nombre personal Borges, Jorge Luis (1899-1986)
245 10 - TÍTULO
Título del Material Narraciones / Jorge Luis Borges
260 ## - PUBLICACIÓN, DISTRIBUCIÓN, ETC. (PIE DE IMPRENTA)
Lugar de publicación, distribución, etc. Bogotá : Oveja Negra
300 ## - DESCRIPCIÓN FÍSICA
Extensión 156 Pag
505 00 - NOTA DE CONTENIDO
Nota de contenido con formato preestablecido Contenido: Historia universal de la infamia Ficciones El Aleph El hacedor
942 ## - TIPO DE MATERIAL (KOHA)
Tipo de Item KOHA Libros General
Existencias
Estado de Material Estado de Perdido Estado de Dañado No para Préstamo Colección Tomo Biblioteca de Origen Biblioteca Permanente Fecha de Adquisición Total de Préstamos Signatura Topográfica Código de Barras Última vez visto Ejemplar/Existencia Fecha de Remplazo Tipo de Material
        Colección General   Biblioteca FUSBC Biblioteca FUSBC 21/10/2005   G 868.6 B7341n 11266 12/12/2019 1 26/01/2016 Libros General

Biblioteca FUSBC | Teléfono: (57+4) 349 88 10 Ext. 141| WhatsApp (+57) 3005338115 
E-mail: biblioteca@unisbc.edu.co | Calle 76 87-14 Robledo Palenque, Medellín, Colombia

Con tecnología Koha